|
|
|
|
| LEADER |
00764nab a2200217 i 4500 |
| 001 |
misc64013 |
| 005 |
20220929081302.0 |
| 008 |
220822s1927 hu o 0|| hun d |
| 040 |
|
|
|a SZTE Miscellanea Repozitórium
|b hun
|
| 041 |
|
|
|a hun
|
| 100 |
1 |
|
|a Németh Gyula
|
| 245 |
1 |
0 |
|a Thomsen Vilmos
|h [elektronikus dokumentum] /
|c Németh Gyula
|
| 260 |
|
|
|c 1927
|
| 300 |
|
|
|a p. 533-535.
|c 30 cm
|
| 490 |
0 |
|
|a Magyar nyelv : a Magyar Nyelvtudományi Társaság folyóirata
|
| 561 |
|
|
|a Németh Gyula hagyaték
|
| 591 |
|
|
|a NOA 4177
|
| 650 |
|
4 |
|a Bölcsészettudományok
|
| 650 |
|
4 |
|a Nyelvek és irodalom
|
| 695 |
|
|
|a Vilhelm Ludvig Peter Thomsen, Nyelvtudomány - dán - 19-20. sz.
|
| 856 |
4 |
0 |
|u http://misc.bibl.u-szeged.hu/64013/1/4177_noa_n52.pdf
|z Dokumentum-elérés
|